|
|
|
|
| LEADER |
00900nam a22002291a 4500 |
| 020 |
|
|
|a 9788177021035
|c 0.00
|
| 040 |
|
|
|a SSUS - Library - Kalady
|
| 082 |
|
|
|a 294.5921
|b SIT/V
|
| 100 |
|
|
|a Sita Ram Dube (ed.)
|
| 245 |
|
|
|a Vedic culture and its continuity (proceedings of national seminar)
|h [Text]
|
| 260 |
|
|
|a Delhi
|b Pratibha Prakashan
|c 2006
|
| 300 |
|
|
|a 167p.
|
| 600 |
|
|
|a Hinduism
|
| 600 |
|
|
|a Religion
|
| 600 |
|
|
|a Vedic Literature
|
| 852 |
|
|
|h 294.5921
|i SIT/V
|p 058205
|9 850.00
|t 0
|
| 852 |
|
|
|h 294.5921
|i SIT/V
|p 058206
|9 850.00
|t 0
|
| 942 |
|
|
|c BK
|
| 942 |
|
|
|c BK
|
| 999 |
|
|
|c 49458
|d 49458
|
| 952 |
|
|
|0 0
|1 0
|4 0
|6 294_592100000000000_SIT_V
|7 0
|9 71884
|a SSUS
|b SSUS
|d 2015-01-08
|g 850.00
|l 1
|o 294.5921 SIT/V
|p 058205
|r 2018-01-15
|s 2018-01-08
|v 0.00
|w 2015-01-08
|y BK
|
| 952 |
|
|
|0 0
|1 0
|4 0
|6 294_592100000000000_SIT_V
|7 0
|9 71885
|a SSUS
|b SSUS
|d 2015-01-08
|g 850.00
|o 294.5921 SIT/V
|p 058206
|r 2015-01-08
|v 0.00
|w 2015-01-08
|y BK
|